Quinquenio de la Educacion 1980 - 1985 : (Record no. 1865)

000 -CABECERA
fixed length control field 01147nam a22002177a 4500
003 - IDENTIFICADOR DEL NÚMERO DE CONTROL
control field AR-CdUCM
008 - DATOS DE LONGITUD FIJA--INFORMACIÓN GENERAL
fixed length control field 190228b ||||| |||| 00| 0 spa d
040 ## - FUENTE DE LA CATALOGACIÓN
Agencia/entidad que catalogó originalmente la obra MUNICIPALIDAD PROVINCIAL DEL CUSCO
Entidad que transcribió la catalogación BIBLIOTECA MUNICIPAL DEL CUSCO
082 ## - NÚMERO DE LA CLASIFICACIÓN DECIMAL DEWEY
No. de Clasificación 370 /
Notacion interna P45
100 ## - ENTRADA PRINCIPAL--NOMBRE DE PERSONA
Nombre Personal Belaunde Terry, Fernando
245 ## - MENCIÓN DE TÍTULO
Título Quinquenio de la Educacion 1980 - 1985 :
Resto del título Ministerio de Educacion /
Mención de responsabilidad Belaunde Terry, Fernando
260 ## - PUBLICACIÓN, DISTRIBUCIÓN, ETC.
Lugar de publicación, distribución, etc. Lima - Peru:
Nombre de la editorial, distribuidor, etc. Instituto Geografico Nacional ,
Fecha de publicación, distribución, etc. 1963.
300 ## - DESCRIPCIÓN FÍSICA
Nº de Páginas Extensión 280 paginas :
Dimensiones 23 cm.
505 ## - NOTA DE CONTENIDO CON FORMATO
Nota de contenido formateada Politica Educativa del Sector 19 -- El sistema nacional de educacion 27 -- La Educacion al encuentro del educando 47 -- El educando 55 -- El educador 125 -- La Escuela 133 -- Programas Especiales 151 -- Cooperacion Tecnica Internacional 163 -- Cultura 171 -- Sistema Nacional de BIbliotecas 175 -- Ciencia y Tecnologia 181 -- Sistema de la Universidad Peruana 189 -- Deporte 193 -- Anexos 203...
650 ## - PUNTO DE ACCESO ADICIONAL DE MATERIA--TÉRMINO DE MATERIA
Descriptor Sistema de Educacion.
9 (RLIN) 6836
650 ## - PUNTO DE ACCESO ADICIONAL DE MATERIA--TÉRMINO DE MATERIA
Descriptor Educacion Peruana.
9 (RLIN) 3585
650 ## - PUNTO DE ACCESO ADICIONAL DE MATERIA--TÉRMINO DE MATERIA
Descriptor Pedagogia Peruana.
9 (RLIN) 6837
700 ## - PUNTO DE ACCESO ADICIONAL--NOMBRE DE PERSONA
Nombre Personal Belaunde Terry, Fernando
9 (RLIN) 3676
942 ## - ELEMENTOS DE PUNTO DE ACCESO ADICIONAL (KOHA)
Fuente de clasificación
Tipo de item Libros-BMC
945 ## - PROCESAMIENTO DE INFORMACIÓN LOCAL (OCLC)
Catalogador rtm
AAAA-MM-DD - Fecha de ingreso o modificacion 2019-02-28
Holdings
Estado de retiro (separado) Fuente de clasificación o esquema de estanterías Estado dañado Ubicación Sala donde se ubica Nombre de la colección Fecha de adquisición o compra Costo, precio normal en soles Signatura topográfica Código de Barras Última vez visto (Koha) Tipo de ítem (Koha)
No     Sala Humanidades Sala Humanidades Book Cart 2019-02-28 50.00 370 / P45 SH0000002468 2019-02-28 Libros-BMC

Powered by Koha